Zaujímavé inovácie platobných kariet

Členské banky Visa ponúkajú platobné karty so vzhľadom navrnutým majiteľom karty. Mastercard vytvoril kartu, ktorá má klasický tvar a v strede dieru, aby ju bolo možné použiť v počítači. Popis.

Gespeichert in:
Bibliographische Detailangaben
1. Verfasser: Kuruc, Radko
Format: Buchkapitel
Sprache:Slowakisch
Schlagworte:
Tags: Tag hinzufügen
Keine Tags, Fügen Sie das erste Tag hinzu!

MARC

LEADER 00000naa$a2200000$$$4500
001 0019899
005 20231004124239.7
041 0 |a slo 
044 |a SK 
245 1 0 |a Zaujímavé inovácie platobných kariet  |c Radko Kuruc 
520 |a Členské banky Visa ponúkajú platobné karty so vzhľadom navrnutým majiteľom karty. Mastercard vytvoril kartu, ktorá má klasický tvar a v strede dieru, aby ju bolo možné použiť v počítači. Popis. 
610 2 0 |a karty platobné 
610 2 0 |a mailbanking 
610 2 0 |a bankovníctvo elektronické 
100 1 |a Kuruc, Radko